| 000 | 00349nam a2200133Ia 4500 | ||
|---|---|---|---|
| 999 |
_c3320 _d3320 |
||
| 008 | 200103s9999||||xx |||||||||||||| ||und|| | ||
| 020 | _a9280114409 | ||
| 082 | _aColumn-5 | ||
| 100 | _aIMO | ||
| 245 | 0 | _aInternational life-saving appliance code (LSA Code) : resolution MSC. 48(66)). | |
| 260 |
_bIMO _c1997 _alondon |
||
| 300 | _avi, 55 | ||
| 942 | _cBK | ||